000
00303pam a2200133 a 4500
020
_c
041
_h
082
_a
741
_b
BOX
100
_a
Richard Box.
245
_a
Drawing Step-by- step
_h
Textual Documents
260
_a
[s.l]:
_b
Page one Publisher,
_c
2009.
300
_a
14:
_b
paper.
930
_a
5714
999
_c
239504
_d
239504